The Soft tissues : (Record no. 2438)

000 -LEADER
fixed length control field 00863nam a2200229 a 4500
003 - CONTROL NUMBER IDENTIFIER
control field OSt
005 - DATE AND TIME OF LATEST TRANSACTION
control field 20210709095740.0
008 - FIXED-LENGTH DATA ELEMENTS--GENERAL INFORMATION
fixed length control field 931018s1993 enka b 001 0 eng
020 ## - INTERNATIONAL STANDARD BOOK NUMBER
International Standard Book Number 0750601701
040 ## - CATALOGING SOURCE
Transcribing agency DLC
050 00 - LIBRARY OF CONGRESS CALL NUMBER
Classification number RD97
Item number .S64 1993
245 04 - TITLE STATEMENT
Title The Soft tissues :
Remainder of title trauma and sports injuries /
Statement of responsibility, etc. edited by G.R. McLatchie, C.M.E. Lennox ; assistant editors, E.C. Percy and J. Davies.
260 ## - PUBLICATION, DISTRIBUTION, ETC.
Place of publication, distribution, etc. Oxford ;
Name of publisher, distributor, etc. Boston :
-- Butterworth Heinemann,
Date of publication, distribution, etc. 1993.
300 ## - PHYSICAL DESCRIPTION
Extent ix, 485 p. :
Other physical details ill. ;
Dimensions 26 cm.
504 ## - BIBLIOGRAPHY, ETC. NOTE
Bibliography, etc. note Includes bibliographical references and index.
650 #0 - SUBJECT ADDED ENTRY--TOPICAL TERM
Topical term or geographic name entry element Sports injuries.
700 1# - ADDED ENTRY--PERSONAL NAME
Personal name McLatchie, Greg R.
700 1# - ADDED ENTRY--PERSONAL NAME
Personal name Lennox, C. M. E.
Fuller form of name (Catherine M. E.)
906 ## - LOCAL DATA ELEMENT F, LDF (RLIN)
a 7
b cbc
c orignew
d 2
e ncip
f 19
g y-gencatlg
942 ## - ADDED ENTRY ELEMENTS (KOHA)
Source of classification or shelving scheme
Koha item type Book
Suppress in OPAC SO
Holdings
Withdrawn status Lost status Source of classification or shelving scheme Damaged status Not for loan Permanent Location Current Location Shelving location Date acquired Total Checkouts Full call number Barcode Date last seen Price effective from Koha item type Public note Source of acquisition Copy number
          AU LIBRARY AU LIBRARY Open Shelf 09.07.2021   RD97 .S64 1993 28004047 09.07.2021 09.07.2021 Book SO    
          AU LIBRARY AU LIBRARY Open Shelf 04.04.2022   RD97 .S64 1993 C2 28007376 04.04.2022 04.04.2022 Book PW DONATION FROM MOI UNIVERSITY 2

Powered by Koha